[Event "Match 82__120'/40"]
[Site "Zürich"]
[Date "2025.??.??"]
[Round "12"]
[White "Mephisto Explorer Pro"]
[Black "Scorpio 68000 sel. 4"]
[Result "0-1"]
[Annotator "7-5 for Scorpio"]
[WhiteElo "2016"]
[BlackElo "2043"]
[WhiteFideId "-1"]
[BlackFideId "-1"]
[PlyCount "127"]
[GameId "542185697927"]
[EventDate "2025.10.05"]
[EventType "match"]
[EventRounds "50"]

{[%evp 0,127,19,31,43,23,73,45,32,35,38,35,80,80,81,-19,39,-217,2,-6,-5,-2,-9,-36,-16,-16,33,21,41,1,7,1,8,25,21,22,58,-78,-118,-119,-119,-116,-116,-122,-122,-122,-122,-122,-103,-107,-123,-113,-121,-139,-133,-135,-157,-153,-135,-144,-145,-148,-149,-158,-147,-165,-166,-159,-158,-156,-160,-160,-155,-156,-152,-198,-205,-207,-201,-201,-188,-215,-138,-211,-193,-204,-193,-204,-204,-204,-216,-215,-215,-215,-215,-215,-204,-226,-229,-236,-245,-260,-256,-265,-244,-242,0,-389,-389,-389,-389,-389,-389,-397,-392,-397,-397,-397,-389,-389,-389,-389,-386,-386,-346,-733,-1011,-1312,-1312,-1312]} 1. d4 d5 {Match Nr. 82 mit 120'/40 | Bediener: Rolf Bühler | Kommentator: Kurt Utzinger | 12. Partie: Schwarz (Scorpio 68000 sel. 4) gewinnt | Zwischenstand: 7-5 für Scorpio 68000 sel. 4 | Stand hypothetisch: 7-5 für Mephisto Explorer Pro | Eröffnung: Damengambit, Tarrasch Verteidigung | Buchzüge 2 (61) von Scorpio; 5 (55) von Mephisto Explorer Pro | Partieverlauf: Eine für beide Seiten schwierige Partie wird schliesslich im Endspiel entschieden. Der Mephisto Explorer Pro verteidigt sich miserabel, weil er keine Ahnung hat, dass der gegnerische Randbauer mit dem falschen Läufer nicht gewinnen kann.} 2. Nf3 c5 $11 {***ENDE BUCH***} 3. c4 e6 4. cxd5 exd5 5. Nc3 $11 {***ENDE BUCH***} cxd4 {Dieser frühzeitige Tausch auf d4 gilt nicht als optimal.} (5... Nc6 6. g3 Nf6 7. Bg2 cxd4 8. Nxd4 Bc5 9. Nb3 Bb6 $11 {½- (55) ½ (55) So,W (2747)-Firouzja,A (2763) New York 2024}) 6. Nxd4 Bc5 $16 {Auch nicht am besten.} (6... Nf6 7. Bg5 Be7 8. e3 $14) (6... Nc6 7. Bf4 a6 8. e3 $14) 7. Ndb5 {So geht der weisse Vorteil in die Binsen.} (7. Nb3 Bb4 8. Qd4 Bxc3+ 9. Qxc3 $16) 7... Nf6 8. Nxd5 {Das erobert zwar einen Bauern, bringt aber den Anziehenden in Entwicklungsrückstand.} Nxd5 9. Qxd5 Qa5+ 10. Nc3 Nc6 {Den Vorzug verdient die kurze Rochade.} 11. Qe4+ Be6 12. e3 $11 O-O-O $6 $16 {Kaum zu glauben: Die vierte Partie in Folge mit einer ungünstigen langen Rochade.} 13. Bb5 Rd6 14. Qa4 $2 $11 {Damentausch ist eine schlechte Lösung hier, weil man damit die fragwürdige lange Rochade nicht mehr bestrafen kann.} ({Rems M-091224-bmi2:} 14. O-O {+/- 0.89(69%)/58} Bb4 15. Be2 Rd7 16. Nb5 a6 17. Nd4 Bd5 18. Qg4 Re8 19. Rd1 Nxd4 20. Rxd4 Be6 21. Qf3 Kb8 22. a3 Rxd4 23. exd4 Bd6 24. Bf4 Qb6 25. Rd1 Bxf4 26. Qxf4+ Qc7 27. Qd2 Bb3 28. Rf1 Qc2 29. Qf4+ Qc7 30. Qg4 g6 31. Bf3 Rd8 32. h3 h5 33. Qh4 Bd5 34. Bxd5 Rxd5 35. Qe4 Qd8 36. Rd1 f5 37. Qe6 Qd6 38. Qe3 h4 39. b4 Qf6 40. a4 Qd8 41. Qe6 Qd7 42. Qxg6 Qxa4 43. Qg8+ Ka7 44. Qxd5 Qxd1+ 45. Kh2 Qd2 46. Qc5+ Kb8 47. d5 Qf4+ 48. Kg1 Qe5 49. Qe3 Qxd5 50. Qf4+ Ka7 51. Qxh4 Qd1+ 52. Kh2 Qd2 53. f3 Qd6+ 54. Qg3 Qxb4 55. h4 a5 56. h5 a4 57. h6 a3 58. h7 {[%eval 89,58] [%wdl 388,612,0]}) 14... Qxa4 15. Bxa4 Rhd8 16. O-O Bc4 17. Rd1 $11 {0.03(50%)/57} Bd3 $16 {Wie der Bewertungssprung auf +/- 0.87(66%)/47 zeigt, gefällt dieser Zug den Engines nicht. Stattdessen schlagen sie zwei ausgleichende Alternativen vor:} ({A)} 17... Bb4 18. Rxd6 Rxd6 19. Bc2 Rd7 20. h4 g6 21. e4 Bd3 22. Bd1 Bxe4 23. Be3 Bf5 24. h5 Bxc3 25. bxc3 Be6 26. a4 gxh5 27. Bxh5 Rd5 28. Bd1 Ra5 29. f4 h5 30. Be2 Bg4 31. Bd3 Rd5 32. Bc4 Rd7 33. Re1 Na5 34. Bb5 Nc6 {[%eval 0,57] [%wdl 6,988,6]}) ({B)} 17... Nb4 18. a3 Rxd1+ 19. Bxd1 Nd3 20. Be2 Be7 21. e4 Bf6 22. Kf1 b5 23. Rb1 a6 24. h4 Be5 25. Nd5 Bxd5 26. exd5 Rxd5 27. b3 Nxc1 28. Rxc1+ Kd8 29. g3 g6 30. h5 Rd2 31. a4 bxa4 32. bxa4 Rd4 33. Rc5 Bc7 34. Rc4 Rd6 35. Rf4 Ke7 36. Bc4 Rf6 37. Rxf6 Kxf6 38. Bxa6 Kg5 39. Bc4 f6 40. Kg2 Kxh5 {[%eval 2,57] [%wdl 6,989,5]}) {[#]} 18. b3 $2 $17 {Das darf wohl als verantwortlicher ***VERLUSTZUG*** betrachtet werden. Zumindest dreht sich die Partie nun zugunsten von Schwarz. Der weisse Läufer auf a4 ist ausser Spiel, angreifbar und deckt das Feld d1 nicht mehr, was sich Schwarz sofort zunutze macht.} Bb4 19. Bb2 {erzwungen} (19. Nb1 $4 Bxb1 20. Rxd6 Rxd6 21. Bd2 (21. Rxb1 Rd1#) 21... Bxd2 $19) 19... Bxc3 20. Bxc3 b5 {Hier haben wir die Krux: Der Läufer hat kein Rückzugsfeld.} 21. Bxb5 {erzwungen} (21. Rxd3 {ist ebenso wenig eine Lösung} Rxd3 22. Bxb5 Rxc3 $19 {und gewinnt}) 21... Bxb5 22. Rxd6 Rxd6 23. Bxg7 {Weiss hat immerhin 3 Bauern für die Figur. In dieser Stellung ist das allerdings nicht genügend, um das Gleichgewicht zu wahren. In einer praktischen Partie wird Weiss vor so vielen Problemen stehen, dass ein Remis nicht sehr wahrscheinlich scheint.} Rd2 24. a3 (24. f3 {ist etwas stärker, weil der weisse König allenfalls rascher zentralisiert wird und in den Kampf eingreifen kann.}) 24... Kd7 25. Rc1 Be2 {[#]} 26. h4 $2 $19 {[%mdl 32768] Das ***VERLIERT*** jetzt endgültig. Nur mit 26.f3, schafft Platz für den möglichst raschen Einsatz des Königs, konnte Weiss noch Widerstand leisten.} ({PROMENADE-bmi2:} 26. f3 Rd1+ 27. Rxd1+ Bxd1 28. b4 Ke6 29. e4 Ne5 30. Kf2 Nc4 31. Bd4 a6 32. b5 axb5 33. Bc5 Ne5 34. Bf8 Bc2 35. h3 Kd7 36. Ke3 Kc6 37. Kd2 Bb1 38. Ke3 Nc4+ 39. Kf2 Kb6 40. Bb4 Bc2 41. Ke2 Kc6 42. Kf2 Bd3 43. Be7 Kd7 44. Bb4 Ke6 45. Bc5 Bc2 46. Bf8 Nb2 47. Ke2 Bd3+ 48. Ke3 Bc4 49. Bg7 f6 50. Bf8 Bf1 51. Kf2 Bd3 52. Bb4 Nc4 53. Bc5 Kf7 54. Bb4 Bc2 55. Bc5 Bb3 56. Bb4 Ne5 57. Ke2 {[%eval -149,56] [%wdl 0,64,936]}) 26... Rd1+ {Der Turmtausch ist der einfachste Weg, um die Überlegenheit der schwarzen Figuren aufzuzeigen.} 27. Rxd1+ Bxd1 28. b4 Ke6 $1 {Zentralisierung des Königs, ein wichtiger Faktor im Endspiel, was unsere Oldies oftmals "vergessen".} 29. f3 $19 f6 $2 {Verpasst einen möglichen Bauerngewinn und bindet den König an den f6-Bauern. Trotzdem bleibt Schwarz noch immer im Vorteil. Am besten war 29...Se5 nebst ...Sc4, was den weissen a3-Bauern erobert oder zwingt Weiss zu 30.Lxe5, was aber ebenfalls hoffnungslos wäre.} (29... Ne5 $1 {PROMENADE-bmi2: 1)} 30. e4 (30. Bxe5 Kxe5 31. Kf2 {mit 2 Gewinnvarianten für Schwarz gemäss der Engine:} {PROMENADE-bmi2: 2)} a6 ({PROMENADE-bmi2: 1)} 31... f5 32. Ke1 Ba4 33. h5 h6 34. Ke2 Bb5+ 35. Ke1 Kf6 36. Kf2 Kg5 37. Kg3 Bc6 38. Kh3 f4 39. e4 Kxh5 40. g4+ Kg5 41. Kh2 Kf6 42. Kg2 Ke5 43. Kf2 Kd4 44. Ke2 Bb5+ 45. Kd2 Ba4 46. Ke2 Bc6 47. Kf2 Bb5 48. e5 Kxe5 49. Ke1 Kd4 50. Kd2 Ba4 51. Ke2 Bc6 52. b5 Bxb5+ 53. Kd1 Ke3 54. Kc2 Be2 55. Kc3 Bxf3 56. g5 hxg5 57. Kb2 Kd3 58. Ka1 Kd4 59. a4 Be4 {[%eval -673,48] [%wdl 0,0,1000]}) 32. Ke1 Ba4 33. g4 Kd5 34. Kd2 Kc4 35. g5 Bc6 36. e4 Kd4 37. Ke2 Ba4 38. Kd2 Bb5 39. h5 Be8 40. Kc2 Ba4+ 41. Kd2 Bb5 42. h6 Ba4 43. Ke2 Bc6 44. Kf2 Bd7 45. Ke2 Ba4 46. Kf2 Bd1 47. Kg3 Ke5 48. Kg4 Ba4 49. Kg3 Bd7 50. Kf2 Kf4 51. Ke2 Kxg5 52. a4 Bxa4 53. Ke3 Kxh6 54. f4 Kh5 55. b5 axb5 56. Kd4 Kg4 57. f5 {[%eval -604,48] [%wdl 0,0,1000]}) ({PROMENADE-bmi2: 2)} 30. Kf2 f5 31. Kg3 a6 32. Kf4 Nd3+ 33. Kg3 Ba4 34. Bc3 h5 35. Kh2 Bd7 36. Ba1 Kd5 37. Bd4 Kc4 38. Bg7 Ne1 39. Kg3 Kd3 40. Bd4 Ke2 41. Bc5 Be8 42. e4 fxe4 43. fxe4 Nd3 44. Bd4 Bd7 45. Ba7 Kd2 46. Bb6 Kc2 47. Kf3 Kb3 48. Ke2 Nf4+ 49. Kf3 Ng6 50. Bc5 Nxh4+ 51. Kf2 Ng6 52. Ke3 Bb5 53. Bd6 Kxa3 54. g3 Ka4 55. Kd4 Bc6 56. e5 Kb5 57. e6 Kb6 58. Bc5+ Kc7 59. b5 axb5 60. Bb4 Kb6 61. Bd6 Bg2 62. Bb4 Bf3 63. e7 Bc6 {[%eval -395,57] [%wdl 0,0,1000]}) 30... Nc4 31. Kf2 Nxa3 32. Ke1 Ba4 33. Kf2 a6 34. Bc3 Nc4 35. h5 f5 36. exf5+ Kxf5 37. g4+ Kf4 38. Bg7 Bd1 39. Bh6+ Ke5 40. Kg3 Ke6 41. Kf4 Nb6 42. Ke4 Nd5 43. Bd2 Ne7 44. Be1 Nc6 45. Bc3 Kd6 46. Bg7 Ke7 47. g5 Kf7 48. Bc3 Ke6 49. Kf4 Bc2 50. Kg4 Bf5+ 51. Kg3 Ne7 52. Bd4 Nd5 53. Bc5 Bd3 54. Kg4 Bc2 55. Bf8 Ne7 56. Bg7 Nf5 57. Bf8 Nd4 58. Kf4 Bb1 59. Kg4 Bf5+ 60. Kf4 Bc2 61. Kg4 Bb1 62. Kf4 Ne2+ 63. Kg4 Bf5+ 64. Kh4 Ke5 65. Bh6 Nf4 66. Bg7+ Ke6 67. Bc3 Nd5 {[%eval -264,58] [%wdl 0,0,1000]}) 30. e4 Ne5 31. Bh6 {Nun kommt der Läufer noch rechtzeitig für den Schutz des Bauern a3.} Bc2 32. Bf4 Nc4 33. Bc1 h5 $2 {Für unsere Oldies ist schlicht nicht erkennbar, dass 33...Kf7 oder 33...La4 siegreich für Schwarz enden sollten, während der Textzug zum Ausgleich führt.} ({PROMENADE-bmi2: 1)} 33... Kf7 34. h5 Ba4 35. Kf2 Be8 36. Ke2 Bb5 37. Kf2 Ke6 38. Kg3 Ke7 39. Kg4 Kf7 40. Kf4 Bd7 41. Kg3 Ke7 42. Kh4 Be8 43. Kg4 Bb5 44. Kg3 a6 45. Kg4 Ba4 46. Kg3 Be8 47. Kh4 Ke6 48. Kg4 Bc6 49. Kg3 Bb5 50. Kg4 Be8 51. Kh4 Ke5 52. Kg4 Bd7+ 53. Kh4 Kd4 54. Kg3 Kd3 55. Bh6 Nxa3 56. Kf4 Nc2 57. Bg7 Be8 58. g4 Nxb4 59. Bxf6 Ke2 60. Kg3 Ke3 61. e5 Nd3 62. e6 Nc5 63. e7 a5 64. Bg5+ Ke2 65. Bf6 a4 66. Bb2 Nd3 {[%eval -215,53] [%wdl 0,1,999]}) ({PROMENADE-bmi2: 2)} 33... Ba4 34. Kf2 Kf7 35. Ke2 Bb5 36. Kf2 a6 37. Kg3 Kg6 38. Kf2 Kh5 39. g3 Kg6 40. g4 Kf7 41. Be3 Nxa3 42. Bd4 Nc4 43. Bc3 Ba4 44. Ke2 Ne5 45. Ba1 Kg7 46. Bc3 Kg6 47. Bd4 Bb5+ 48. Ke3 Nc4+ 49. Ke2 Kf7 50. Bc3 Ne5+ 51. Ke3 Ba4 52. Ke2 Ng6 53. h5 Ne5 54. Bd4 Kg7 55. Bc3 Be8 56. Kf2 Kf7 57. Ke3 Ke6 58. Kf2 Bc6 59. Ke3 Ba4 60. Ke2 Ke7 61. Bd4 {[%eval -222,52] [%wdl 0,1,999]}) 34. Kh2 Ne5 35. Kh3 f5 36. exf5+ Kxf5 37. g4+ $5 {Ein erstaunlicher Vorstoss, weil der Mephisto Explorer Pro einen Bauern gibt und unmöglich berechnen kann, dass er damit die Partie retten kann. Deshalb war eigentlich passives Verharren mit demselben Ergebnis zu erwarten.} (37. Bb2 Nc4 38. Bc1 Kg6 39. g4 a6 40. Kg3 Bd1 41. Kf4 hxg4 42. fxg4 $11) 37... hxg4+ 38. fxg4+ Nxg4 39. h5 Ne5 40. Bb2 a6 41. Kg3 Nf7 42. Bc1 Bb3 43. Kh4 Ba4 44. Bd2 Be8 45. Be3 Ne5 46. h6 Kg6 47. Kg3 Nf7 48. h7 $2 {***VERLIERT*** Nun stolpert der unwissende Mephisto Explorer Pro doch noch in die Katastrophe. Dabei hätte einmal mehr der rechtzeitige Einsatz des weissen Königs das Remis gerettet.} (48. Kf3 $1 Nxh6 49. Bxh6 Kxh6 50. Ke4 {Und nun kann Schwarz einen Bauerntausch am Damenflügel nicht verhindern, wonach das Remis offensichtlich ist.} Kg5 51. Kd5 Kf5 52. Kc5 Ke4 53. Kb6 Bb5 54. a4 Be2 55. b5 axb5 56. axb5 $11) 48... Kxh7 49. Kf4 Kg6 50. Bc5 Kf6 51. Bf8 Ke6 52. Ke4 $19 Nd6+ $2 {Nun ist es Schwarz, der fehlgreift und die gewonnene Partie zum Remis versifft.} (52... Ba4 53. Bc5 Ne5 54. Kd4 Nf3+ 55. Ke3 Ne1 56. Ke4 Nc2 57. Bf8 Nxa3 $19) 53. Bxd6 $11 {Der Verteidigungsplan ist einfach, kann Weiss doch ein Endspiel erreichen, wo Schwarz mit seinem a-Bauern und dem falschen Läufer verbleibt.} Kxd6 54. Kd4 Ba4 55. Ke4 Kc6 56. Kd4 Kb5 57. Kc3 Bd1 58. Kd2 Bh5 59. Kc3 Ka4 60. Kb2 Bf7 61. Kc2 {Weiss kann sorgenfrei seine beiden Bauern hergeben. Er muss nur darauf achten, mit seinem König eines der Felder a1 und b1 zu erreichen.} Kxa3 {[#]} 62. Kc3 $4 $19 {[%mdl 32768] Das ***VERLIERT*** und zeigt, dass das Programm von Frans Morsch keinerlei Wissen für das Endspiel mit Randbauer und falschem Läufer besitzt.} (62. Kb1 Kxb4 63. Ka1 a5 64. Kb1 a4 65. Ka1 a3 66. Kb1 Kb3 67. Ka1 a2 {Patt} (67... Kc2 {Patt}) (67... Bg6 {Patt})) 62... Bb3 $1 {Nun bleibt dem weissen König der Zutritt zu den Feldern b1 und a1 verwehrt.} 63. b5 (63. Kd2 Kb2 ({aber nicht} 63... Kxb4 $4 64. Kc1 $1 {Rermis})) 63... axb5 64. Kd3 {***AUFGEGEBEN***} 0-1